[Event "ITA-ch U20"]
[Site "Tarvisio"]
[Date "2023.07.06"]
[Round "6"]
[White "Peretti, Eva"]
[Black "Giannelli, Agnese"]
[Result "1/2-1/2"]
[WhiteElo "1259"]
[BlackElo "1267"]
[PlyCount "104"]
[EventDate "2023.07.02"]
[EventType "swiss"]
[EventRounds "9"]
[EventCountry "ITA"]
[SourceTitle "EXT 2024"]
[Source "ChessBase"]
[SourceDate "2023.10.10"]
[SourceVersion "1"]
[SourceVersionDate "2023.10.10"]
[SourceQuality "1"]

1. e4 e5 2. Nf3 Nc6 3. Bc4 Bc5 4. c3 Nf6 5. d3 h6 6. Nbd2 d6 7. h3 0-0 8. a4 a5 9. 0-0 g5 10. Nh2 Be6 11. Qb3 Bxc4 12. Nxc4 b6 13. Ne3 Qd7 14. Nhg4 Nxg4 15. Nxg4 Kg7 16. Ne3 Ne7 17. Qd1 Kg6 18. g4 d5 19. d4 exd4 20. cxd4 Bb4 21. e5 Rad8 22. f4 f5 23. exf6 Rxf6 24. f5+ Kg7 25. Nc2 Qd6 26. Qd3 c5 27. Kg2 Re8 28. Be3 Nc6 29. Rad1 c4 30. Qe2 Qe7 31. Qf3 Rd6 32. Bd2 Qe2+ 33. Qxe2 Rxe2+ 34. Rf2 Rxd2 35. Rdxd2 Bxd2 36. Rxd2 Nb4 37. Re2 Kf7 38. Kf2 Nd3+ 39. Kf3 Nxb2 40. Na3 Nxa4 41. Ra2 Nc3 42. Rc2 Ne4 43. Nb5 Rc6 44. Na7 Rc7 45. Nb5 Rb7 46. Rb2 Ke7 47. Ke3 c3 48. Rc2 Kd7 49. Nxc3 Nxc3 50. Rxc3 a4 51. Kd3 b5 52. Kc2 b4 1/2-1/2